Loading...
| Literature - American | 0 | 5 | 0 | 0 | 50 | 83 | 122.40 | 0 | 1 | 0.00 | 0.00 |
| Fine Arts - Other | 0 | 6 | 2 | 2 | 50 | 107 | 121.50 | 0 | 2 | 0.00 | 0.00 |
| Fine Arts - Classical Music | 0 | 5 | 1 | 0 | 45 | 71 | 91.60 | 0 | 2 | 0.00 | 0.00 |
| Literature - World | 0 | 4 | 0 | 1 | 40 | 111 | 129.00 | 0 | 0 | 0.00 | 0.00 |
| Literature - European | 0 | 4 | 0 | 1 | 40 | 105 | 125.00 | 0 | 0 | 0.00 | 0.00 |
| Other | 0 | 4 | 0 | 0 | 40 | 55 | 82.00 | 1 | 1 | 0.00 | 0.00 |
| Religion | 0 | 4 | 0 | 0 | 40 | 57 | 93.25 | 0 | 2 | 0.00 | 0.00 |
| History - American | 0 | 4 | 1 | 0 | 35 | 62 | 85.25 | 1 | 3 | 0.00 | 0.00 |
| History - World | 0 | 2 | 0 | 0 | 20 | 73 | 88.00 | 0 | 1 | 0.00 | 0.00 |
| Literature - British | 0 | 3 | 2 | 0 | 20 | 102 | 116.00 | 0 | 0 | 0.00 | 0.00 |
| Mythology | 0 | 2 | 1 | 2 | 15 | 135 | 136.50 | 0 | 0 | 0.00 | 0.00 |
| History - European | 0 | 1 | 0 | 0 | 10 | 72 | 72.00 | 1 | 1 | 0.00 | 0.00 |
| Social Science | 0 | 1 | 0 | 0 | 10 | 119 | 119.00 | 0 | 0 | 0.00 | 0.00 |
| Science - Physics | 0 | 1 | 0 | 0 | 10 | 108 | 108.00 | 0 | 0 | 0.00 | 0.00 |
| Science - Other | 0 | 1 | 0 | 1 | 10 | 128 | 128.00 | 0 | 0 | 0.00 | 0.00 |
| Science - Biology | 0 | 1 | 0 | 1 | 10 | 124 | 124.00 | 0 | 0 | 0.00 | 0.00 |